[Event "Quebec-ch U20"]
[Site "Montreal"]
[Date "1987.05.16"]
[Round "3"]
[White "Duplessis, Marc"]
[Black "Gagnon, Serge"]
[Result "1-0"]
[WhiteElo "1793"]
[BlackElo "1965"]
[PlyCount "59"]
[EventDate "1987.05.15"]
[EventType "tourn"]
[EventRounds "7"]
[EventCountry "CAN"]
[SourceTitle "EXT 2022"]
[Source "ChessBase"]
[SourceDate "2021.10.06"]
[SourceVersion "1"]
[SourceVersionDate "2021.10.06"]
[SourceQuality "1"]

1. d4 g6 2. c4 Bg7 3. e4 d6 4. Nc3 Nc6 5. Be3 e5 6. Nge2 f5 7. d5 Nce7 8. f3 Nf6 9. Qd2 f4 10. Bf2 0-0 11. c5 Rf7 12. 0-0-0 a6 13. Kb1 Bf8 14. Nc1 Kh8 15. Nb3 Bd7 16. Be2 Be8 17. Rc1 Nc8 18. Rhd1 Nd7 19. cxd6 cxd6 20. Bd3 b5 21. Ne2 Ndb6 22. Qa5 Be7 23. Rc2 Bf6 24. Rdc1 Rb7 25. Qd2 Raa7 26. Na5 Rc7 27. Nc6 Bxc6 28. Rxc6 Rxc6 29. Rxc6 Qd7 30. Bxb6 1-0